RMS Lusitania Disaster - Statistics

General Stats
  • This quiz has been taken 92 times
  • The average score is 9 of 15
Answer Stats
Hint Answer % Correct
What conflict was taking place when the Lusitania sank? World War 1
92%
What country operated the submarine that sank the Lusitania? Germany
79%
Where did its voyage start? New York City
78%
What modern day country was the Lusitania just a few miles from when it sank? Ireland
76%
Did he survive the sinking? Yes
76%
What was its intended destination? Liverpool
65%
What neutral nation lost about 128 citizens in the disaster? United States
65%
Again to the nearest hundred, how many perished in the sinking? 1,200
63%
What shipping line operated the Lusitania? Cunard Line
62%
True or false: the British Admiralty tried to make Lusitania's captain seem negligent. True
62%
To the nearest hundred, how many were aboard Lusitania? 2,000
59%
What day did the ship sink? May 7, 1915
49%
Lusitania was sunk by a submarine. What was its number? U-20
44%
Who was the Lusitania's captain during the voyage? William Thomas Turner
32%
Who presided over the official inquiry into the disaster in Britain? Lord Mersey
11%
No matching quizzes found
Score Distribution
Percent of People with Each Score
Percentile by Number Answered
Your Score History
You have not taken this quiz